Law relating to women and child (Record no. 241313)
[ view plain ]
| 000 -LEADER | |
|---|---|
| fixed length control field | 01288nam a22002537a 4500 |
| 005 - DATE AND TIME OF LATEST TRANSACTION | |
| control field | 20260421115030.0 |
| 008 - FIXED-LENGTH DATA ELEMENTS--GENERAL INFORMATION | |
| fixed length control field | 260421b |||||||| |||| 00| 0 eng d |
| 020 ## - INTERNATIONAL STANDARD BOOK NUMBER | |
| International Standard Book Number | 9788194321750 |
| 040 ## - CATALOGING SOURCE | |
| Transcribing agency | AL |
| 041 ## - LANGUAGE CODE | |
| Language code of text/sound track or separate title | eng |
| 082 ## - DEWEY DECIMAL CLASSIFICATION NUMBER | |
| Classification number | 342.0878 |
| Item number | MISL |
| 100 ## - MAIN ENTRY--PERSONAL NAME | |
| Personal name | O P Mishra |
| 100 ## - MAIN ENTRY--PERSONAL NAME | |
| 9 (RLIN) | 262229 |
| 245 ## - TITLE STATEMENT | |
| Title | Law relating to women and child |
| 260 ## - PUBLICATION, DISTRIBUTION, ETC. | |
| Place of publication, distribution, etc. | Allahabad |
| Name of publisher, distributor, etc. | Central Law Agency |
| Date of publication, distribution, etc. | 2020 |
| 300 ## - PHYSICAL DESCRIPTION | |
| Extent | xxxx,342p |
| Other physical details | PB |
| Dimensions | 23.5x15.5cm |
| 365 ## - TRADE PRICE | |
| Source of price type code | Law |
| Price type code | 1343 |
| Price amount | ₹262.50 |
| Currency code | ₹ |
| Unit of pricing | ₹350.00 |
| Price note | 25% |
| Price effective from | 14-03-2026 |
| 520 ## - SUMMARY, ETC. | |
| Summary, etc. | It is a matter of great pleasure that Sixth edition of the book "Law Rolwing to Women & Child" la bringing out for the respectable readers. The present edition of die book has been up-dated by incorporating latest case laws and amendments on the relevant. It is hoped that it would be belpful and interesting to those concerned for pruunction of women & children in our country and also for the LL.B. and LL.M. Students of various Universities. I am grateful to Ms. Central Law Agency for bringing out the Sixth edition of the book. |
| 650 ## - SUBJECT ADDED ENTRY--TOPICAL TERM | |
| Topical term or geographic name entry element | Cruelty and Dowry Death |
| 9 (RLIN) | 262224 |
| 650 ## - SUBJECT ADDED ENTRY--TOPICAL TERM | |
| Topical term or geographic name entry element | Position of Women |
| 9 (RLIN) | 262225 |
| 650 ## - SUBJECT ADDED ENTRY--TOPICAL TERM | |
| Topical term or geographic name entry element | Kidnapping and Abduction |
| 9 (RLIN) | 262226 |
| 650 ## - SUBJECT ADDED ENTRY--TOPICAL TERM | |
| Topical term or geographic name entry element | Minority and Guardianship |
| 9 (RLIN) | 262227 |
| 650 ## - SUBJECT ADDED ENTRY--TOPICAL TERM | |
| Topical term or geographic name entry element | Child Marriage |
| 9 (RLIN) | 262228 |
| 942 ## - ADDED ENTRY ELEMENTS (KOHA) | |
| Source of classification or shelving scheme | Dewey Decimal Classification |
| Koha item type | Book |
| Withdrawn status | Lost status | Source of classification or shelving scheme | Damaged status | Not for loan | Collection code | Home library | Current library | Date acquired | Cost, normal purchase price | Total Checkouts | Full call number | Barcode | Date last seen | Cost, replacement price | Price effective from | Koha item type |
|---|---|---|---|---|---|---|---|---|---|---|---|---|---|---|---|---|
| Dewey Decimal Classification | Law | St Aloysius Law Library | St Aloysius Law Library | 04/16/2026 | 262.50 | 342.0878 MISL | LL002591 | 04/21/2026 | 350.00 | 03/14/2026 | Book | |||||
| Dewey Decimal Classification | Law | St Aloysius Law Library | St Aloysius Law Library | 04/16/2026 | 262.50 | 342.0878 MISL | LL002592 | 04/21/2026 | 350.00 | 03/14/2026 | Book | |||||
| Dewey Decimal Classification | Law | St Aloysius Law Library | St Aloysius Law Library | 04/16/2026 | 262.50 | 342.0878 MISL | LL002593 | 04/21/2026 | 350.00 | 03/14/2026 | Book |